000
00287nam a22001337a 4500
008
170612b xxu||||| |||| 00| 0 eng d
020
_a
40494
041
_a
eng
080
_a
32
100
_a
19
101
_a
shp
245
_a
TRENDS IN WORLD POLITICS
_c
RUSSETT, B.M
942
_2
udc
_c
BK
999
_c
16864
_d
16864